| 000 | 01461nam a2200409 i 4500 | ||
|---|---|---|---|
| 001 | 46657 | ||
| 003 | KOSZ 005 | ||
| 005 | 20220921080314.0 | ||
| 008 | 050930s2005 pl a f |000 0 pol | ||
| 020 | _a8372515484 | ||
| 040 |
_cKOSZ 005 _aKOSZ 005 _dKOSZ 005/HR |
||
| 046 | _k2005 | ||
| 080 | _a346.52(438) | ||
| 080 | _a341.22 | ||
| 080 | _a(07) | ||
| 100 | 1 |
_aOlchowicz, Irena _d(1941- ) _eAutor |
|
| 245 | 1 | 0 |
_aRachunkowość finansowa w przykładach : _bwedług ustawy o rachunkowości i MSR / _cIrena Olchowicz, Agnieszka Tłaczała. |
| 260 |
_aWarszawa : _bCentrum Doradztwa i Informacji Difin, _c2005. |
||
| 300 |
_a667 s. : _bil. ; _c23 cm. |
||
| 336 |
_2rdacontent _aTekst _btxt |
||
| 337 |
_2rdamedia _aBez urządzenia pośredniczącego _bn |
||
| 338 |
_2rdacarrier _aWolumin _bnc |
||
| 380 | _aKsiążki | ||
| 388 | _a2001- | ||
| 490 | 1 |
_aVademecum Rachunkowości, _x1234-1681. |
|
| 650 | 4 | _aMiędzynarodowe Standardy Sprawozdawczości Finansowej (MSSF) | |
| 650 | 4 | _aRachunkowość finansowa | |
| 651 | 7 | _aPolska | |
| 655 | 4 | _aPodręcznik | |
| 658 | _aGospodarka, ekonomia, finanse | ||
| 658 | _aPrawo i wymiar sprawiedliwości | ||
| 700 | 1 |
_aTłaczała, Agnieszka _eAutor |
|
| 710 | 2 |
_aDifin _4pbl |
|
| 830 | 0 | _aVademecum Rachunkowości | |
| 856 |
_uhttp://koha.tu.koszalin.pl/cgi-bin/koha/opac-detail.pl?biblionumber=46657 _yKatalog online BPK |
||
| 942 |
_2UKD _cKS |
||
| 999 |
_c46657 _d46657 |
||